South and East Asia since 1800

保存先:
書誌詳細
第一著者: Purcell, Victor
フォーマット: 図書
言語:Undetermined
出版事項: Cambridge Cambridge University Press 1965
タグ: タグ追加
タグなし, このレコードへの初めてのタグを付けませんか!
Thư viện lưu trữ: Trung tâm Học liệu Trường Đại học Cần Thơ
LEADER 00448nam a2200169Ia 4500
001 CTU_110933
008 210402s9999 xx 000 0 und d
082 |a 950 
082 |b P985 
100 |a Purcell, Victor 
245 0 |a South and East Asia since 1800 
245 0 |c Victor Purcell 
260 |a Cambridge 
260 |b Cambridge University Press 
260 |c 1965 
904 |i Giang 
980 |a Trung tâm Học liệu Trường Đại học Cần Thơ